Racing circuits by picture #2 - Statistics

General Stats
  • This quiz has been taken 165 times
  • The average score is 7 of 12
Answer Stats
Picture Answer % Correct
Nürburgring Nordschleife
96%
Autodromo Enzo e Dino Ferrari
91%
Daytona International Speedway
87%
Hungaroring
72%
Shanghai International Circuit
70%
Circuit of the Americas
69%
Kyalami Grand Prix Circuit
69%
Circuit Zolder
49%
Istanbul Park
39%
TT Circuit Assen
38%
Sonoma Raceway
35%
Knockhill Racing Circuit
20%
No matching quizzes found
Score Distribution
Percent of People with Each Score
Percentile by Number Answered
Your Score History
You have not taken this quiz